|
|
|
|
| LEADER |
00971nab a2200229 i 4500 |
| 001 |
misc63565 |
| 005 |
20221026134656.0 |
| 008 |
220523s1954 hu o 0|| hun d |
| 040 |
|
|
|a SZTE Miscellanea Repozitórium
|b hun
|
| 041 |
|
|
|a hun
|
| 100 |
1 |
|
|a László Gyula
|
| 245 |
1 |
2 |
|a A magyar őstörténet régészete
|h [elektronikus dokumentum] /
|c László Gyula
|
| 260 |
|
|
|a MTA
|b Budapest
|c 1954
|
| 300 |
|
|
|a 459-479
|c 25 cm
|
| 300 |
|
|
|a [21] p.
|c 25 cm
|
| 490 |
0 |
|
|a A Magyar Tudományos Akadémia Társadalmi-Történeti Tudományok Osztályának közleményei;A Magyar Tudományos Akadémia Társadalmi-Történeti Tudományok Osztályának közleményei
|
| 561 |
|
|
|a Németh Gyula hagyaték
|
| 591 |
|
|
|a NOA 3098
|
| 650 |
|
4 |
|a Bölcsészettudományok
|
| 650 |
|
4 |
|a Történettudomány és régészet
|
| 695 |
|
|
|a Őstörténet - magyar, Régészet - magyar
|
| 856 |
4 |
0 |
|u http://misc.bibl.u-szeged.hu/63565/1/3098_noa_l31.pdf
|z Dokumentum-elérés
|